| 000 | 00744nam a2200229 a 4500 | ||
|---|---|---|---|
| 001 | 13818 | ||
| 003 | BD-JhCC | ||
| 005 | 20240417080056.0 | ||
| 008 | 240415b19992000bg |||| ||a| 000 0 ben d | ||
| 020 | _a9844830542 | ||
| 035 | _a(BD-JhCC)13818 | ||
| 040 |
_aBD-JhCC _dBD-JhCC |
||
| 041 | _aBengali | ||
| 082 |
_a954.92 _bBHU 2000 |
||
| 100 | _a ভূঁইয়া,মেজর কামরুল হাসান | ||
| 245 |
_aজনযুদ্ধের গণযোদ্ধা / _c মেজর কামরুল হাসান ভূঁইয়া । |
||
| 260 |
_aঢাকা: _bদিব্য প্রকাশনী; _c2000. |
||
| 300 |
_a88 p. : _c22 cm. |
||
| 650 | _aliberation war | ||
| 942 |
_2ddc _cBK |
||
| 999 |
_c13818 _d13818 |
||